| 000 | 00958nam0a2200277 4500 | ||
|---|---|---|---|
| 001 | RU\NLR\bibl\1440492 | ||
| 005 | 20260405235224.0 | ||
| 010 | _aАСТ978-5-17-061057-0 | ||
| 010 |
_a978-5-403-01806-7 _bАСТ МОСКВА _94000 |
||
| 021 |
_aRU _b2009-76509 _94780 |
||
| 035 | _a(NLR Aleph) 001432350 | ||
| 090 |
_a1410651 _c1410651 |
||
| 100 | _a20091119d2009 |||y0rusy50 ca | ||
| 101 | 0 | _arus | |
| 102 | _aRU | ||
| 105 | _ay ||||||||| | ||
| 200 | 1 |
_aПо обе стороны любви _eроман _fЕлена Лобанова |
|
| 210 |
_aМосква _cАСТ _cАСТ МОСКВА _d2009 |
||
| 215 |
_a253, [1] с. _d17 |
||
| 225 | 1 | _aСерия "Русский романс" | |
| 700 | 1 |
_4070 _8rus _7ca _aЛобанова _bЕ. А. _cписатель _f1959- _gЕлена Александровна _3RU\NLR\auth\77108841 _991766 |
|
| 801 | 0 |
_aRU _bNLR _c20091119 _gRCR |
|
| 801 | 1 |
_aRU _bNLR _c20091119 |
|
| 942 | _cBOOK | ||
| 980 | _aNB | ||